Kraje, które nie nigdy dobyły złotego medalu na letnich IO - Statystyki

Ogólne statystyki
  • Ten quiz został rozwiązany 848 razy
    339 od ostatniego zresetowania
  • Średni wynik to 59 z 98
Statystyki odpowiedzi
Nazwa kraju % Poprawnych
San Marino
82%
Andora
81%
Monako
72%
Dominika
69%
Gwinea
69%
Albania
68%
Malta
67%
Oman
67%
Afganistan
66%
Czad
66%
Gujana
66%
Jemen
66%
Sudan
66%
Gwinea Równikowa
65%
Haiti
65%
Lesotho
65%
Libia
65%
Mali
65%
Nepal
65%
Togo
65%
Bhutan
64%
Cypr
64%
Erytrea
64%
Irak
64%
Kongo
64%
Laos
64%
Niger
64%
Salwador
64%
Zambia
64%
Belize
63%
Madagaskar
63%
Gwinea Bissau
62%
Islandia
62%
Kirgistan
62%
Palau
62%
Seszele
62%
Somalia
62%
Wyspy Salomona
62%
Angola
61%
Dżibuti
61%
Honduras
61%
Mikronezja
61%
Mołdawia
61%
Vanuatu
61%
Antigua i Barbuda
60%
Birma
60%
Gabon
60%
Gwatemala
60%
Liban
60%
Mauretania
60%
Nikaragua
60%
Republika Zielonego Przylądka
60%
Turkmenistan
60%
Gambia
59%
Kambodża
59%
Malediwy
59%
Nauru
59%
Republika Środkowoafrykańska
59%
Rwanda
59%
Tuvalu
59%
Kiribati
58%
Kuwejt
58%
Liberia
58%
Liechtenstein
58%
Macedonia
58%
Sri Lanka
58%
Botswana
57%
Tonga
57%
Barbados
56%
Bośnia i Herzegowina
56%
Brunei
56%
Czarnogóra
56%
Ghana
56%
Namibia
56%
Timor Wschodni
56%
Bangladesz
55%
Benin
55%
Malezja
55%
Papua Nowa Gwinea
55%
Samoa
55%
Wyspy Marshalla
55%
Komory
54%
Malawi
54%
Mauritius
54%
Senegal
54%
Sierra Leone
54%
Boliwia
53%
Burkina Faso
52%
Paragwaj
52%
Tanzania
52%
Saint Lucia
51%
Saint Kitts i Nevis
50%
Saint Vincent i Grenadyny
50%
Demokratyczna Republika Konga
49%
Filipiny
47%
Arabia Saudyjska
46%
Wyspy Świętego Tomasza i Książęca
44%
Suazi
34%
Nie znaleziono quizów pasujących do podanych kryteriów
Rozkład punktacji
Procent ludzi z każdym wynikiem
Percentyl według liczby udzielonych odpowiedzi
Twoja historia wyników
Nie rozwiązałeś tego quizu od ostatniego zresetowania